| 000 | 00757cam a22002293a 4500 | ||
|---|---|---|---|
| 001 | 9550 | ||
| 003 | PGUSA | ||
| 005 | 20140828083213.0 | ||
| 008 | 051201s2005||||xxu|||||s|||||000 | eng d | ||
| 040 |
_aPGUSA _beng |
||
| 042 | _adc | ||
| 050 | 4 | _aSB | |
| 100 | 1 |
_aBailey, L. H. _q(Liberty Hyde), _d1858-1954 |
|
| 245 | 1 | 0 |
_aManual of Gardening (Second Edition) : _bA Practical Guide to the Making of Home Grounds and the Growing of Flowers, Fruits, and Vegetables for Home Use _h[electronic resource] / _cL. H. Bailey |
| 260 |
_bProject Gutenberg, _c2005 |
||
| 506 | _aPublic domain in the USA. | ||
| 516 | _aElectronic text | ||
| 653 | _aGardening | ||
| 830 | 0 |
_aProject Gutenberg _v9550 |
|
| 856 | 4 | 0 | _uhttp://www.gutenberg.org/ebooks/9550 |
| 942 | _cEB | ||
| 999 |
_c238806 _d238806 |
||